Detective Conan Characters - Statistics

General Stats
  • This quiz has been taken 497 times
  • The average score is 10 of 15
Answer Stats
Hint Answer % Correct
The Main Character and the Detective of the East Shinichi Kudo
93%
Sleeping Detective Kogoro Mouri
84%
Code Name is Angel and has an amazing prowess for most kinds of martial arts. Ran Mouri
82%
Detective Boys Member. Another person who was shrunken by the APTX 4869 drug. Ai Haibara
80%
A kid Enhanced Detective Intuition Conan Edogawa
80%
Queen of Deduction Sonoko Suzuki
62%
Well-Known Novelist and has amazing deductive skills too. Yusaku Kudo
62%
Code Name is Sherry and the creator of APTX 4869. Shiho Miyano
58%
Queen of the Court Room Eri Kisaki
57%
Detective Boys member. Loves to eat roasted eel on top of rice. Genta Kojima
57%
The Night Baroness Yukiko Kudo
57%
Detective Boys member who solved the case for James Black Ayumi Yoshida
50%
The Old Man Inventor Hiroshi Agasa
47%
Detective Boys member. Second smartest on the group specially with Science and Logic Mitsuhiko Tsuburaya
47%
Detective of the West Heiji Hatori
44%
No matching quizzes found
Score Distribution
Percent of People with Each Score
Percentile by Number Answered
Your Score History
You have not taken this quiz